[Event "SR 2. liga A 2004/2005"]
[Site "?"]
[Date "2004.11.20"]
[Round "3.6"]
[White "Gajarsky, Roman"]
[Black "Varga, David"]
[Result "1/2-1/2"]
[WhiteElo "2025"]
[BlackElo "2044"]
[PlyCount "109"]
[EventDate "2004.??.??"]

1. e4 e6 2. c4 c5 3. Nc3 Nc6 4. f4 Nge7 5. Nf3 d5 6. e5 Ng6 7. d3 Be7 8. Qb3
Na5 9. Qc2 O-O 10. Be2 f6 11. exf6 Bxf6 12. g3 b6 13. h4 Ba6 14. b3 Bb7 15. Bb2
dxc4 16. dxc4 Nc6 17. Ne4 Nb4 18. Nxf6+ Rxf6 19. Qc3 Bxf3 20. Bxf3 Nd3+ 21. Ke2
Nxb2 22. Qxb2 Ne7 23. Bxa8 Qxa8 24. Kf2 Nc6 25. Rhe1 Nd4 26. Qc3 Rg6 27. Rad1
Nf5 28. Rd3 Nxh4 29. Ke2 Ng2 30. Rf1 Qe4+ 31. Kd1 h5 32. Qc2 h4 33. gxh4 Nxh4
34. Qe2 Qxe2+ 35. Kxe2 Nf5 36. Rf2 Nd4+ 37. Ke3 Rg1 38. Rfd2 Re1+ 39. Kf2 Re4
40. Rxd4 cxd4 41. Kf3 Re3+ 42. Kf2 Rh3 43. Rxd4 Rh2+ 44. Ke3 Rxa2 45. b4 Kf8
46. Rd7 Ra4 47. Kd3 Rxb4 48. Rxa7 b5 49. cxb5 Rxb5 50. Ke4 Rf5 51. Rb7 Rf7 52.
Rb5 g6 53. Rb6 Re7 54. Ke5 Kf7 55. Rb8 1/2-1/2

[Event "SR 2. liga A 2004/2005"]
[Site "?"]
[Date "2004.11.20"]
[Round "3.6"]
[White "Hanes, Mojmir"]
[Black "Rohackova, Veronika"]
[Result "1/2-1/2"]
[WhiteElo "2066"]
[BlackElo "2055"]
[PlyCount "120"]
[EventDate "2004.??.??"]

1. e4 c5 2. c3 d5 3. exd5 Qxd5 4. d4 Nf6 5. Nf3 Bg4 6. Be2 e6 7. O-O Nc6 8. Na3
cxd4 9. Nb5 Rc8 10. Nbxd4 Bc5 11. Nxc6 Qxc6 12. Ne5 Bxe2 13. Qxe2 Qb6 14. Bg5
Nd5 15. Rad1 Qa6 16. Qf3 O-O 17. Nd7 Rfe8 18. Rxd5 exd5 19. Nf6+ Kh8 20. Nxe8
Rxe8 21. Qxf7 Qb5 22. Be3 Bxe3 23. fxe3 Rg8 24. Rf2 Qd3 25. Qxb7 Qb1+ 26. Rf1
Qxa2 27. Rd1 Rf8 28. h3 h6 29. Qb5 a6 30. Qb7 a5 31. Qb5 a4 32. Rxd5 a3 33.
bxa3 Qa1+ 34. Kh2 Qxc3 35. Qc5 Qf6 36. Qd6 Qf7 37. a4 Re8 38. Rd3 Qa7 39. Qf4
Qa8 40. Rb3 Kh7 41. Rb4 Qa5 42. Rb5 Qc3 43. Rb8 Qxe3 44. Qf5+ Kh8 45. Rxe8+
Qxe8 46. a5 Qb8+ 47. Kh1 Qc7 48. Qd5 Qc1+ 49. Kh2 Qc7+ 50. Kg1 Qc1+ 51. Kf2
Qc2+ 52. Ke3 Qc3+ 53. Ke4 Qe1+ 54. Kf3 Qc3+ 55. Kg4 Qb4+ 56. Kh5 Qe7 57. Qb5
Qf7+ 58. Kg4 Qg6+ 59. Kf3 Qf6+ 60. Ke4 Qe7+ 1/2-1/2

[Event "SR 2. liga A 2004/2005"]
[Site "?"]
[Date "2004.11.21"]
[Round "3.6"]
[White "Heinrich, Jan"]
[Black "Sukuba, Zdeno"]
[Result "1/2-1/2"]
[WhiteElo "2109"]
[BlackElo "2102"]
[PlyCount "22"]
[EventDate "2004.??.??"]

1. d4 Nf6 2. Nf3 e6 3. g3 b6 4. Bg2 Bb7 5. O-O Be7 6. c4 O-O 7. b3 d5 8. Nbd2
Nbd7 9. Bb2 c5 10. dxc5 Nxc5 11. Ne5 Qc7 1/2-1/2

[Event "SR 2. liga A 2004/2005"]
[Site "?"]
[Date "2004.11.20"]
[Round "3.6"]
[White "Kasanicky, Robert"]
[Black "Lutter, Ladislav"]
[Result "0-1"]
[WhiteElo "2005"]
[BlackElo "2036"]
[PlyCount "145"]
[EventDate "2004.??.??"]

1. e4 d6 2. d4 Nf6 3. Nc3 g6 4. Nf3 Bg7 5. Be2 O-O 6. O-O c6 7. a4 Nbd7 8. h3
Re8 9. Be3 h6 10. Qd2 Kh7 11. a5 e5 12. dxe5 dxe5 13. Rfd1 Qc7 14. Bc4 Nf8 15.
Bc5 Be6 16. Bd6 Qc8 17. Bf1 N6d7 18. b4 g5 19. h4 f6 20. hxg5 fxg5 21. b5 Ng6
22. bxc6 bxc6 23. Rab1 Bg4 24. Be2 Ndf8 25. g3 Qe6 26. Qe3 Rad8 27. Bc5 Nd7 28.
Bxa7 Rf8 29. Nd2 Nf6 30. Bc5 Bxe2 31. Qxe2 Qh3 32. Qf1 Qh5 33. Qg2 Rf7 34. f3
g4 35. a6 gxf3 36. Nxf3 Ra8 37. a7 Raxa7 38. Bxa7 Rxa7 39. Rd3 Bf8 40. Kf1 Rf7
41. Ke2 Qg4 42. Rg1 Bc5 43. Re3 Nh5 44. Kf2 Qd7 45. Rd1 Bxe3+ 46. Kxe3 Qa7+ 47.
Kd2 Rd7+ 48. Ke1 Qe3+ 49. Ne2 Rxd1+ 50. Kxd1 Nf6 51. Nd2 Qg5 52. Qf2 Ne7 53.
Qf3 Kg7 54. Nc4 Ng4 55. Ke1 h5 56. Nd6 Qg6 57. Nf5+ Nxf5 58. exf5 Qd6 59. Qe4
Nf6 60. Qh4 Kh6 61. Ng1 Ng4 62. Nf3 Qb4+ 63. Kd1 Ne3+ 64. Ke2 Qxh4 65. Nxh4
Nxc2 66. Kd3 Nb4+ 67. Ke4 Kg7 68. Kxe5 c5 69. f6+ Kf7 70. Nf5 Nc6+ 71. Kd5 Kxf6
72. Kxc6 Kxf5 73. Kxc5 0-1

[Event "SR 2. liga A 2004/2005"]
[Site "?"]
[Date "2004.11.20"]
[Round "3.6"]
[White "Pericka, Tomas"]
[Black "Syrovy, Ivan"]
[Result "0-1"]
[WhiteElo "1930"]
[BlackElo "2069"]
[PlyCount "32"]
[EventDate "2004.??.??"]

1. e4 c6 2. d4 d5 3. Nc3 dxe4 4. Nxe4 Nd7 5. Nf3 Ngf6 6. Ng3 e6 7. Bd3 c5 8.
O-O Be7 9. Re1 O-O 10. Qe2 cxd4 11. Nxd4 Nc5 12. Ngf5 exf5 13. Bxf5 Qxd4 14.
Qxe7 Bxf5 15. Be3 Qxb2 16. Qxc5 Qxc2 {(time 1:14 - 0:32)} 0-1

[Event "SR 2. liga A 2004/2005"]
[Site "?"]
[Date "2004.11.20"]
[Round "3.6"]
[White "Puchart, Vladimir"]
[Black "Duris, Ivan"]
[Result "0-1"]
[WhiteElo "2085"]
[BlackElo "2036"]
[PlyCount "54"]
[EventDate "2004.??.??"]

1. d4 d5 2. c4 e6 3. Nf3 Nf6 4. Bg5 Be7 5. Nc3 b6 6. e3 Bb7 7. Rc1 O-O 8. Qc2
Na6 9. a3 c5 10. cxd5 cxd4 11. Bxf6 Bxf6 12. Nxd4 Bxd4 13. exd4 exd5 14. Be2
Nc7 15. O-O Qf6 16. Rfd1 Ne6 17. Qd2 Rfd8 18. Nb5 Nf4 19. Bf1 Bc6 20. Rxc6 Nh3+
21. gxh3 Qxc6 22. Kh1 Rd7 23. Rc1 Qf6 24. Bd3 Qf3+ 25. Kg1 Re7 26. Qd1 Qxh3 27.
Bf1 Qh6 0-1

[Event "SR 2. liga A 2004/2005"]
[Site "?"]
[Date "2004.11.20"]
[Round "3.7"]
[White "Galan, Anton"]
[Black "Bukovsky, Milan"]
[Result "1-0"]
[WhiteElo "1917"]
[BlackElo "2045"]
[PlyCount "33"]
[EventDate "2004.??.??"]

1. e4 e5 2. f4 exf4 3. Bc4 Nf6 4. Nc3 c6 5. e5 d5 6. exf6 dxc4 7. Qe2+ Be6 8.
d4 Qxd4 9. Nf3 Qxf6 10. Ne4 Qf5 11. O-O Nd7 12. Nfg5 Be7 13. Bxf4 Qg6 14. h4
Bxg5 15. h5 Bg4 16. Nd6+ Kf8 17. Qxg4 1-0

[Event "SR 2. liga A 2004/2005"]
[Site "?"]
[Date "2004.11.20"]
[Round "3.7"]
[White "Kersten, Juraj"]
[Black "Bilovsky, Milan"]
[Result "0-1"]
[WhiteElo "1923"]
[BlackElo "1875"]
[PlyCount "110"]
[EventDate "2004.??.??"]

1. e4 c5 2. b4 b6 3. Bc4 e6 4. bxc5 bxc5 5. Nc3 Nc6 6. Nge2 Nf6 7. f4 Na5 8.
Bb5 a6 9. Ba4 Bb7 10. Ng3 Be7 11. O-O O-O 12. d3 d6 13. Kh1 Rb8 14. f5 e5 15.
Nh5 d5 16. exd5 Bxd5 17. Nxd5 Qxd5 18. Bg5 Qd6 19. Qf3 Rb4 20. Bb3 Nxb3 21.
axb3 h6 22. Be3 Nxh5 23. Qxh5 Rh4 24. Qe2 e4 25. g4 exd3 26. cxd3 Bf6 27. Ra2
Re8 28. Qf3 Qxd3 29. Bxc5 Qxf3+ 30. Rxf3 Re1+ 31. Kg2 Rxg4+ 32. Kf2 Bh4+ 33.
Rg3 Re5 34. b4 Rxf5+ 35. Ke3 Bxg3 36. hxg3 Rxg3+ 37. Ke4 Rf6 38. Rd2 h5 39. Rh2
Rg4+ 40. Ke5 Re6+ 41. Kd5 h4 42. Rh3 Rh6 43. Bd6 Rxd6+ 44. Kxd6 Rxb4 45. Kc5 a5
46. Kd5 g5 47. Ke5 Kg7 48. Kf5 Rb5+ 49. Kg4 Kg6 50. Rc3 f5+ 51. Kf3 Kh5 52. Rc8
Rb3+ 53. Kf2 Kg4 54. Rc4+ f4 55. Ra4 Rb2+ 0-1

[Event "SR 2. liga A 2004/2005"]
[Site "?"]
[Date "2004.11.20"]
[Round "3.7"]
[White "Macko, Michal"]
[Black "Isa, Vlastimil"]
[Result "1-0"]
[WhiteElo "2144"]
[BlackElo "1984"]
[PlyCount "77"]
[EventDate "2004.??.??"]

1. e4 c5 2. Nf3 Nc6 3. Bb5 e6 4. Bxc6 dxc6 5. O-O Qc7 6. d3 Ne7 7. b3 Ng6 8.
Bb2 e5 9. Nbd2 b5 10. Re1 Bd6 11. Nf1 O-O 12. Ne3 Nf4 13. g3 Ne6 14. Nh4 g6 15.
Nf3 Nd4 16. c3 Ne6 17. d4 cxd4 18. cxd4 exd4 19. Bxd4 Nxd4 20. Qxd4 Rd8 21. Qc3
Be6 22. e5 Be7 23. Nd4 Qxe5 24. Nef5 Qf6 25. Nxe7+ Qxe7 26. Nxe6 fxe6 27. Qxc6
Kf7 28. Qxb5 Rd2 29. Rxe6 Qxe6 30. Qb7+ Qd7 31. Qxa8 Qd4 32. Qf3+ Kg7 33. Rc1
Qd7 34. Qf4 Rd1+ 35. Rxd1 Qxd1+ 36. Kg2 Qd5+ 37. Qf3 Qa5 38. Qb7+ Kh6 39. a4
1-0

[Event "SR 2. liga A 2004/2005"]
[Site "?"]
[Date "2004.11.20"]
[Round "3.7"]
[White "Mandak, Miroslav"]
[Black "Pokorna, Renata"]
[Result "1-0"]
[WhiteElo "2051"]
[BlackElo "2072"]
[PlyCount "89"]
[EventDate "2004.??.??"]

1. e4 e5 2. Nf3 Nc6 3. Bb5 a6 4. Ba4 Nf6 5. O-O b5 6. Bb3 Be7 7. a4 Bb7 8. d3
d6 9. axb5 axb5 10. Rxa8 Bxa8 11. Bg5 Nd7 12. Bxe7 Nxe7 13. Ng5 O-O 14. Qh5 Nf6
15. Nxf7 d5 16. Nxd8 Nxh5 17. Ne6 Rc8 18. Nc3 c6 19. exd5 Nxd5 20. Re1 Nhf4 21.
Nc5 Ng6 22. Nd7 Kh8 23. Nxe5 Nxe5 24. Rxe5 Nxc3 25. bxc3 c5 26. Bf7 g6 27. Re8+
Rxe8 28. Bxe8 b4 29. cxb4 cxb4 30. f4 Kg7 31. Kf2 Bd5 32. Ba4 Kf6 33. g3 g5 34.
Ke3 gxf4+ 35. Kxf4 Be6 36. Bb3 Bd7 37. g4 h6 38. h4 Bc8 39. g5+ hxg5+ 40. hxg5+
Kg6 41. Ke5 Kxg5 42. Kd6 Kf4 43. Kc5 Bf5 44. Kxb4 Ke5 45. Kc5 1-0

[Event "SR 2. liga A 2004/2005"]
[Site "?"]
[Date "2004.11.20"]
[Round "3.7"]
[White "Rachela, Robert"]
[Black "Peska, Juraj"]
[Result "1-0"]
[WhiteElo "1849"]
[BlackElo "1848"]
[PlyCount "133"]
[EventDate "2004.??.??"]

1. e4 c5 2. f4 Nc6 3. Nf3 Nf6 4. Nc3 d6 5. Bb5 Bd7 6. d3 g6 7. O-O Bg7 8. Kh1
O-O 9. Be3 a6 10. Bxc6 Bxc6 11. Qe1 b5 12. Rb1 b4 13. Ne2 Qa5 14. a3 Qa4 15.
axb4 Qxc2 16. Qd2 Qxd2 17. Bxd2 Bb5 18. e5 Nd5 19. bxc5 Bxd3 20. Rbe1 dxc5 21.
Rf2 Rab8 22. Nc3 Nxc3 23. Bxc3 Bf5 24. Rd1 Rfd8 25. Rfd2 Rxd2 26. Rxd2 f6 27.
Rd5 Rb5 28. Kg1 Be4 29. Rd8+ Kf7 30. exf6 Bxf6 31. Ne5+ Kg7 32. Rd7 Rb7 33. Rd8
Rc7 34. Kf2 Bb7 35. g3 Bc6 36. g4 Bh4+ 37. Ke3 Bb7 38. Nf3+ Bf6 39. Ne5 Rc8 40.
Rd7 Bxe5 41. Bxe5+ Kf7 42. Rxb7 c4 43. Kd4 Ke6 44. Rb6+ Kf7 45. Rxa6 h6 46. Ra4
g5 47. Rxc4 Rd8+ 48. Ke3 Rg8 49. b4 Ke6 50. Bc3 Kd5 51. Rc7 gxf4+ 52. Kxf4 e5+
53. Kf5 Rg5+ 54. Kf6 Rxg4 55. Rc5+ Kd6 56. Bxe5+ Kd7 57. Rc7+ Kd8 58. Bd6 Rd4
59. Ke5 Rd2 60. Ke6 Re2+ 61. Kd5 Rd2+ 62. Kc6 Rc2+ 63. Kb6 Rd2 64. Bg3 h5 65.
Rc4 Rd7 66. b5 Rh7 67. Ka6 1-0

[Event "SR 2. liga A 2004/2005"]
[Site "?"]
[Date "2004.11.20"]
[Round "3.7"]
[White "Simon, Lukas"]
[Black "Diviak, Rastislav"]
[Result "1/2-1/2"]
[WhiteElo "1994"]
[BlackElo "1899"]
[PlyCount "63"]
[EventDate "2004.??.??"]

1. Nf3 Nf6 2. g3 g6 3. Bg2 Bg7 4. O-O O-O 5. d3 d5 6. Nbd2 c5 7. c4 Nc6 8. cxd5
Nxd5 9. a3 b6 10. Rb1 Bb7 11. Nc4 Qd7 12. Ne3 Ne5 13. Nxe5 Bxe5 14. Nxd5 Bxd5
15. Bh6 Rfd8 16. Qc1 Bxg2 17. Kxg2 Rac8 18. Bf4 Bf6 19. h4 h5 20. Kh2 Qe6 21.
Qe3 Qxe3 22. Bxe3 c4 23. dxc4 Rxc4 24. Rfe1 Rc2 25. b3 Ra2 26. a4 Rc8 27. Kg1
Rcc2 28. Kf1 Rab2 29. Bg5 Rxe2 30. Rxb2 Rxb2 31. Bxf6 exf6 32. Re3 {
(time 1:55 - 1:52)} 1/2-1/2

[Event "SR 2. liga A 2004/2005"]
[Site "?"]
[Date "2004.11.20"]
[Round "3.8"]
[White "Hertel, Ondrej"]
[Black "Kolesar, Rastislav"]
[Result "1-0"]
[WhiteElo "1911"]
[BlackElo "1858"]
[PlyCount "95"]
[EventDate "2004.??.??"]

1. d4 d5 2. Nf3 Nf6 3. c4 e6 4. Bg5 Be7 5. e3 O-O 6. Nc3 c6 7. Rc1 b6 8. cxd5
cxd5 9. Bd3 Ba6 10. O-O Bxd3 11. Qxd3 Nc6 12. a3 h6 13. Bh4 Rc8 14. Rc2 Na5 15.
Ne5 Nc4 16. Bxf6 Bxf6 17. Nxc4 Rxc4 18. Rfc1 Qd7 19. b3 Rc7 20. Nxd5 Rxc2 21.
Nxf6+ gxf6 22. Qxc2 Qd5 23. Qc4 Qa5 24. a4 Qd2 25. g3 a6 26. Qc2 Qb4 27. Qd3 b5
28. axb5 axb5 29. Rc5 Rb8 30. Qc3 Qa3 31. Rc8+ Rxc8 32. Qxc8+ Kg7 33. Qc2 Qb4
34. Qd1 Kh7 35. Qd3+ Kg7 36. Kg2 f5 37. d5 exd5 38. Qxd5 Qe4+ 39. Qxe4 fxe4 40.
f3 f5 41. fxe4 fxe4 42. g4 Kf6 43. h4 Ke5 44. Kg3 b4 45. h5 Ke6 46. Kf4 Kf6 47.
Kxe4 Kg5 48. Kf3 1-0

[Event "SR 2. liga A 2004/2005"]
[Site "?"]
[Date "2004.11.20"]
[Round "3.8"]
[White "Holly, Milan"]
[Black "Priam, Stefan"]
[Result "0-1"]
[WhiteElo "1721"]
[BlackElo "1802"]
[PlyCount "156"]
[EventDate "2004.??.??"]

1. Nf3 d5 2. b3 Nf6 3. Bb2 Nbd7 4. e3 e6 5. c4 c6 6. Nc3 Be7 7. Be2 O-O 8. O-O
e5 9. cxd5 cxd5 10. d4 e4 11. Nd2 Re8 12. Rc1 a6 13. a3 Bd6 14. g3 Qe7 15. b4
Qe6 16. Kg2 Nb6 17. Rh1 Qh3+ 18. Kg1 Re6 19. Qf1 Qh6 20. Rc2 Bd7 21. Nb3 Re7
22. Nc5 Bh3 23. Qd1 Rc8 24. Bc1 Nc4 25. N3a4 b5 26. Nc3 Ra8 27. a4 bxa4 28.
Nxd5 Nxd5 29. Rxc4 Nb6 30. Rc3 Bxc5 31. bxc5 Nd5 32. Rc4 Qc6 33. Bf1 Bxf1 34.
Kxf1 Rb7 35. Qxa4 Qxa4 36. Rxa4 Rb1 37. Rc4 a5 38. Kg2 Nb4 39. Bd2 Rxh1 40.
Kxh1 Nd3 41. Kg1 a4 42. Rc2 a3 43. Ra2 Kf8 44. Kf1 Ke7 45. Ke2 Ke6 46. f4 Kd5
47. Kd1 Nb2+ 48. Kc2 Nc4 49. Bc1 f5 50. Kc3 h6 51. h4 g6 52. Kc2 g5 53. hxg5
hxg5 54. fxg5 Rg8 55. Kb3 Rxg5 56. Rg2 Rg8 57. Rf2 Rxg3 58. Rxf5+ Ke6 59. Rf4
Rf3 60. Rxe4+ Kd5 61. Re8 Na5+ 62. Kxa3 Kc4 63. Ra8 Nc6 64. Ka4 Rf1 65. Ba3 Ra1
66. Ra6 Nb4 67. Rb6 Nd5 68. Rb3 Re1 69. c6 Rg1 70. e4 Rg8 71. Rb5 Nc3+ 72. Ka5
Nxb5 73. Bc5 Rb8 74. e5 Kd5 75. Bd6 Nxd6 76. exd6 Kxd6 77. d5 Kc7 78. Ka6 Rd8
0-1

[Event "SR 2. liga A 2004/2005"]
[Site "?"]
[Date "2004.11.20"]
[Round "3.8"]
[White "Karlik, Lukas"]
[Black "Nagy, Edmund"]
[Result "1/2-1/2"]
[WhiteElo "1716"]
[BlackElo "1984"]
[PlyCount "94"]
[EventDate "2004.??.??"]

1. d4 Nf6 2. c4 c5 3. d5 e5 4. Nc3 d6 5. e4 g6 6. Nf3 Bg7 7. h3 O-O 8. Bg5 h6
9. Be3 Na6 10. Qd2 Kh7 11. g4 Ne8 12. Rg1 Nb4 13. a3 Na6 14. Bd3 Nac7 15. h4 f6
16. Rg3 a6 17. Nh2 Bd7 18. f4 exf4 19. Bxf4 b5 20. h5 g5 21. e5+ Kg8 22. exd6
gxf4 23. Qxf4 Nxd6 24. Qxd6 Re8+ 25. Kf2 bxc4 26. Bxc4 Rb8 27. b3 Nb5 28. Nxb5
axb5 29. Bd3 c4 30. bxc4 bxc4 31. Bxc4 Rb2+ 32. Kg1 Bf8 33. Qf4 Qb6+ 34. Kh1
Bb5 35. Bxb5 Qxb5 36. Qxf6 Bg7 37. Qf1 Qxd5+ 38. Qf3 Qc5 39. Rd1 Qc2 40. Rg2
Qxg2+ 41. Qxg2 Rxg2 42. Kxg2 Re2+ 43. Kg1 Ra2 44. Rd8+ Kh7 45. Ra8 Bd4+ 46. Kh1
Rf2 47. a4 Be5 {(time 2:22 - 2:22)} 1/2-1/2

[Event "SR 2. liga A 2004/2005"]
[Site "?"]
[Date "2004.11.20"]
[Round "3.8"]
[White "Novak, Stanislav"]
[Black "Rathousky, Karol"]
[Result "0-1"]
[WhiteElo "2055"]
[BlackElo "1836"]
[PlyCount "44"]
[EventDate "2004.??.??"]

1. e4 c5 2. Nf3 Nc6 3. Nc3 e6 4. d4 cxd4 5. Nxd4 a6 6. a3 Nf6 7. Nxc6 bxc6 8.
Bg5 Be7 9. e5 Nd5 10. Bxe7 Qxe7 11. Ne4 O-O 12. c4 Nf4 13. Qg4 Ng6 14. f4 f6
15. exf6 gxf6 16. Qg3 d5 17. Nf2 e5 18. fxe5 fxe5 19. Be2 Qg7 20. O-O Be6 21.
Nd3 e4 22. Nc5 Qd4+ 0-1

[Event "SR 2. liga A 2004/2005"]
[Site "?"]
[Date "2004.11.20"]
[Round "3.8"]
[White "Vyboch, Jozef"]
[Black "Hoferek, Peter"]
[Result "0-1"]
[WhiteElo "1983"]
[BlackElo "1943"]
[PlyCount "72"]
[EventDate "2004.??.??"]

1. e4 e5 2. Nf3 Nc6 3. Bc4 Bc5 4. c3 Nf6 5. d4 exd4 6. cxd4 Bb4+ 7. Bd2 Bxd2+
8. Nbxd2 d5 9. exd5 Nxd5 10. Qb3 Nce7 11. O-O O-O 12. Rfe1 c6 13. a4 Qb6 14.
Qa3 Qc7 15. Rac1 Bf5 16. Re5 Qd7 17. Nh4 Bg6 18. Rce1 Rfe8 19. Ne4 Bxe4 20.
R1xe4 g6 21. Qf3 Kg7 22. Qe2 Kf8 23. Qd2 Kg7 24. Qe2 Kf8 25. Nf3 Nf5 26. Rxe8+
Rxe8 27. Ne5 Qd8 28. Qf3 f6 29. Nd3 Nb6 30. Rxe8+ Qxe8 31. b3 Qd8 32. Qh3 Qxd4
33. Qxh7 Qa1+ 34. Ne1 Qxe1+ 35. Bf1 Ke8 36. Qh8+ Ke7 0-1

[Event "SR 2. liga A 2004/2005"]
[Site "?"]
[Date "2004.11.22"]
[Round "4.1"]
[White "Biro, Karol"]
[Black "Rohacek, Miroslav"]
[Result "0-1"]
[WhiteElo "2227"]
[BlackElo "2239"]
[PlyCount "154"]
[EventDate "2004.??.??"]

1. e4 Nf6 2. e5 Nd5 3. d4 d6 4. c4 Nb6 5. exd6 cxd6 6. Nf3 g6 7. h3 Bf5 8. Be2
Bg7 9. O-O O-O 10. Be3 Nc6 11. Qd2 d5 12. Na3 dxc4 13. Nxc4 Nxc4 14. Bxc4 Be4
15. Be2 Bxf3 16. Bxf3 Nxd4 17. Bxb7 Rb8 18. Be4 Rxb2 19. Qxb2 Nf3+ 20. Bxf3
Bxb2 21. Rab1 Bf6 22. Rb7 a6 23. Rb6 Qd3 24. Rd1 Qa3 25. Bd5 Kg7 26. Bc4 a5 27.
Rd3 Qa4 28. Bb3 Qe4 29. Rd1 a4 30. Bd5 Qc2 31. Rc1 Qd3 32. Bc4 Qe4 33. Be2 Rd8
34. Ra6 Bb2 35. Rf1 Qc2 36. Bb5 a3 37. Rc6 Qe4 38. Rc5 Qb4 39. Be2 Rd6 40. Rc7
Re6 41. Bc4 Be5 42. Rc8 Rd6 43. Bb3 Rd3 44. Rc4 Qb7 45. Rb1 Bb2 46. Bc2 Qd7 47.
Re1 Rd6 48. Bg5 Qb5 49. Rg4 e5 50. Rg3 f6 51. Rb3 Qd5 52. Be3 f5 53. Bg5 h6 54.
Bc1 Bxc1 55. Rxc1 Qd2 56. Rd1 Qxd1+ 57. Bxd1 Rxd1+ 58. Kh2 Rd2 59. Rxa3 Rxf2
60. Ra7+ Kf6 61. a4 f4 62. Ra8 e4 63. Kg1 e3 64. Re8 Ra2 65. Kf1 Rxa4 66. g3 g5
67. h4 fxg3 68. hxg5+ Kxg5 69. Kg2 Kh4 70. Kf3 Ra7 71. Rxe3 Kh3 72. Ke2 h5 73.
Rb3 Kh2 74. Rb5 h4 75. Kf3 g2 76. Rb2 Rf7+ 77. Kg4 Kh1 0-1

[Event "SR 2. liga A 2004/2005"]
[Site "?"]
[Date "2004.11.21"]
[Round "4.1"]
[White "Bisco, Igor"]
[Black "Daubner, Jakub"]
[Result "1/2-1/2"]
[WhiteElo "2177"]
[BlackElo "2211"]
[PlyCount "41"]
[EventDate "2004.??.??"]

1. e4 c6 2. d4 d5 3. Nc3 dxe4 4. Nxe4 Bf5 5. Ng3 Bg6 6. Nf3 Nf6 7. h4 h6 8. Ne5
Bh7 9. Bc4 e6 10. Qe2 Nd5 11. Qh5 Qf6 12. Bg5 hxg5 13. hxg5 Qf4 14. Bxd5 cxd5
15. Rh4 g6 16. Qe2 Qxg5 17. Qb5+ Nc6 18. Nxc6 bxc6 19. Qxc6+ Ke7 20. Qc7+ Ke8
21. Qc6+ {(time 1:26 - 0:29)} 1/2-1/2

[Event "SR 2. liga A 2004/2005"]
[Site "?"]
[Date "2004.11.21"]
[Round "4.1"]
[White "Fraas, Martin"]
[Black "Duriga, Stefan"]
[Result "0-1"]
[WhiteElo "2194"]
[BlackElo "2252"]
[PlyCount "120"]
[EventDate "2004.??.??"]

1. e4 g6 2. d4 d6 3. Be3 c6 4. Nc3 Qb6 5. Bc4 Qxb2 6. Nge2 Qb4 7. Qd3 Bg7 8.
O-O Qa5 9. a4 Nf6 10. Bd2 Qd8 11. Nf4 O-O 12. e5 dxe5 13. dxe5 Qxd3 14. cxd3
Ne8 15. d4 Nc7 16. Ne4 Bh6 17. Nxg6 hxg6 18. Bxh6 Rd8 19. Rfd1 Be6 20. Be2 b6
21. h4 Nd5 22. Ra3 f6 23. h5 g5 24. Bxg5 fxg5 25. Nxg5 Nf4 26. Nxe6 Nxe6 27.
Bc4 Rd5 28. Bxd5 cxd5 29. Rc3 Nd7 30. g4 Ndf8 31. Rc6 Nf4 32. Rc7 Kf7 33. Kh2
N8e6 34. Rc2 a6 35. Rb2 b5 36. axb5 axb5 37. Rxb5 Ra3 38. Rb4 Rh3+ 39. Kg1 Ng5
40. f3 Nxf3+ 41. Kf2 Ng5 42. e6+ Kxe6 43. Rb6+ Kf7 44. Rf1 Ke8 45. Ke1 Nge6 46.
h6 Rh2 47. Kd1 Rxh6 48. g5 Rg6 49. Rh1 Rxg5 50. Rh7 Rg7 51. Rh8+ Kf7 52. Rbb8
Kf6 53. Rb6 Kf5 54. Rb4 Ke4 55. Rh1 Nxd4 56. Kd2 Rg2+ 57. Kd1 e5 58. Re1+ Kd3
59. Ra4 Nfe2 60. Ra3+ Nc3+ 0-1

[Event "SR 2. liga A 2004/2005"]
[Site "?"]
[Date "2004.11.21"]
[Round "4.1"]
[White "Harasta, Vladimir"]
[Black "Matejovic, Juraj"]
[Result "1/2-1/2"]
[WhiteElo "2140"]
[BlackElo "2204"]
[PlyCount "107"]
[EventDate "2004.??.??"]

1. c4 Nf6 2. Nc3 g6 3. e4 d6 4. d4 Bg7 5. Nf3 O-O 6. Be2 e5 7. O-O exd4 8. Nxd4
Re8 9. f3 Nc6 10. Be3 Nh5 11. Qd2 f5 12. Nxc6 bxc6 13. Bg5 Qd7 14. Bd3 Qf7 15.
Rfe1 a5 16. exf5 Bxf5 17. Bf1 Be6 18. Re4 a4 19. Rae1 a3 20. b3 Be5 21. g4 Ng7
22. Bg2 Bd7 23. f4 Bf6 24. Rxe8+ Rxe8 25. Ne4 Be7 26. h3 Ne6 27. Rf1 Qg7 28.
Bxe7 Rxe7 29. f5 Qd4+ 30. Qxd4 Nxd4 31. fxg6 hxg6 32. Rd1 c5 33. Kf2 Kg7 34.
Rd2 Bc6 35. Ng5 Bxg2 36. Kxg2 Re3 37. Rf2 Re2 38. Rxe2 Nxe2 39. Ne6+ Kf6 40.
Nxc7 Nc3 41. Nb5 Nxa2 42. Nxa3 Nc1 43. Nb5 Ke6 44. Kf3 Nxb3 45. Ke3 Na5 46. Kd3
Nc6 47. Ke3 Ne5 48. Kd2 Nc6 49. Kc3 Nd4 50. Kd3 Nf3 51. Nc7+ Ke5 52. Ke3 Nd4
53. Nd5 g5 54. Nc3 1/2-1/2

[Event "SR 2. liga A 2004/2005"]
[Site "?"]
[Date "2004.11.21"]
[Round "4.1"]
[White "Meszaros, Michal"]
[Black "Lesny, Stefan"]
[Result "1-0"]
[WhiteElo "2322"]
[BlackElo "2077"]
[PlyCount "59"]
[EventDate "2004.??.??"]

1. e4 e5 2. Nf3 Nc6 3. Bb5 a6 4. Ba4 d6 5. O-O Be7 6. Re1 Nf6 7. c3 O-O 8. h3
h6 9. d4 b5 10. Bb3 Bd7 11. Nbd2 Re8 12. Nf1 exd4 13. cxd4 Na5 14. Bc2 c5 15.
Ng3 Qc7 16. Bf4 cxd4 17. Rc1 Nc6 18. Nxd4 Ne5 19. Bb1 Qb6 20. Ndf5 Bf8 21. Be3
Qb8 22. Bd4 Rc8 23. Rxc8 Qxc8 24. f4 Bxf5 25. Nxf5 Ned7 26. e5 dxe5 27. fxe5
Ne8 28. Qg4 Bc5 29. Kh1 Bxd4 30. Ne7+ 1-0

[Event "SR 2. liga A 2004/2005"]
[Site "?"]
[Date "2004.11.22"]
[Round "4.1"]
[White "Minich, Peter"]
[Black "Polacik, Igor"]
[Result "0-1"]
[WhiteElo "2210"]
[BlackElo "2014"]
[PlyCount "50"]
[EventDate "2004.??.??"]

1. e4 e5 2. Nf3 Nc6 3. Bb5 a6 4. Ba4 Nf6 5. O-O b5 6. Bb3 Be7 7. Re1 O-O 8. c3
d5 9. exd5 Nxd5 10. Nxe5 Nxe5 11. Rxe5 Nf6 12. h3 Bd6 13. Re1 Ng4 14. d4 Qh4
15. Qf3 Nxf2 16. Qxf2 Bh2+ 17. Kf1 Bg3 18. Qe2 Bxh3 19. Be3 Bg4 20. Qd2 Rae8
21. Na3 Re6 22. Bd5 Qh1+ 23. Bg1 Rf6+ 24. Bf3 Bxf3 25. gxf3 Qxf3+ 0-1

[Event "SR 2. liga A 2004/2005"]
[Site "?"]
[Date "2004.11.21"]
[Round "4.2"]
[White "Bezuch, Martin"]
[Black "Skreno, Vladimir"]
[Result "1-0"]
[WhiteElo "2190"]
[BlackElo "2180"]
[PlyCount "63"]
[EventDate "2004.??.??"]

1. e4 c5 2. Nc3 e6 3. Nf3 Nc6 4. d4 cxd4 5. Nxd4 Nf6 6. a3 a6 7. Be2 d5 8. exd5
Nxd5 9. Nxc6 bxc6 10. Ne4 Qc7 11. c4 Nb6 12. Bg5 Bb7 13. Qd3 Nd7 14. O-O-O Nc5
15. Qe3 Nxe4 16. Qxe4 c5 17. Qe3 Bd6 18. Rd3 Be5 19. Rhd1 Bd4 20. Qd2 Be4 21.
Rxd4 cxd4 22. Qxd4 f5 23. Bh5+ Kf8 24. Bf6 Rc8 25. b3 Bd5 26. Be5 Qb7 27. Rd3
Qe7 28. Kb2 Rd8 29. cxd5 Rxd5 30. Qc3 g6 31. Rxd5 exd5 32. Qc8+ {
(time 1:58 - 2:00)} 1-0

[Event "SR 2. liga A 2004/2005"]
[Site "?"]
[Date "2004.11.21"]
[Round "4.2"]
[White "Chovanec, Vladimir"]
[Black "Horak, Ivan"]
[Result "1/2-1/2"]
[WhiteElo "2077"]
[BlackElo "2177"]
[PlyCount "41"]
[EventDate "2004.??.??"]

1. Nf3 d5 2. g3 Nf6 3. Bg2 c6 4. d3 Bg4 5. Nbd2 e6 6. O-O Bd6 7. e4 dxe4 8.
dxe4 Bc7 9. c3 Nbd7 10. Qc2 O-O 11. Nb3 e5 12. Be3 Re8 13. Rad1 Qc8 14. h3 Bh5
15. Kh2 Bb6 16. Bxb6 axb6 17. a3 Qc7 18. Rd2 Rad8 19. Rfd1 Bxf3 20. Bxf3 Nf8
21. Rxd8 1/2-1/2

[Event "SR 2. liga A 2004/2005"]
[Site "?"]
[Date "2004.11.22"]
[Round "4.2"]
[White "Machalova, Maria"]
[Black "Mikita, Jozef"]
[Result "0-1"]
[WhiteElo "2137"]
[BlackElo "2209"]
[PlyCount "108"]
[EventDate "2004.??.??"]

1. c4 Nf6 2. Nc3 c6 3. Nf3 d5 4. cxd5 cxd5 5. d4 Nc6 6. Bf4 Ne4 7. e3 Nxc3 8.
bxc3 g6 9. Be2 Bg7 10. O-O O-O 11. Rc1 b6 12. c4 dxc4 13. Bxc4 Bb7 14. Qe2 Rc8
15. Rfd1 Qd7 16. h3 Qf5 17. Bd3 Qa5 18. Nd2 Nb4 19. Bc4 Bd5 20. Bb3 Nxa2 21.
Rxc8 Rxc8 22. Bxd5 Qxd5 23. Qa6 Re8 24. e4 Qa5 25. Qxa5 bxa5 26. Ra1 Nc3 27.
Be3 Bxd4 28. Bxd4 Ne2+ 29. Kf1 Nxd4 30. Rxa5 Rc8 31. Ra1 Rc2 32. Nf3 Nc6 33.
Ne1 Rc4 34. f3 a5 35. Ke2 Kf8 36. Kd3 Rc5 37. f4 f6 38. Ra4 e5 39. fxe5 Nxe5+
40. Kd4 Rc1 41. Nf3 Rd1+ 42. Ke3 Nc6 43. Rc4 Rd6 44. Rc5 Re6 45. g4 Ke7 46. h4
Kd6 47. Rd5+ Kc7 48. h5 a4 49. hxg6 hxg6 50. Nd4 Nxd4 51. Rxd4 Ra6 52. Rd2 a3
53. Ra2 Kd6 54. Kf4 Ke6 0-1